Saber de sociales 7º /

Guardado en:
Autor Principal: Baraldo, Luis
Otros Autores: Lenci, Daniel, Díaz, Marcela, Risolía, María José, Adán, Gloria Isabel, Román, Viviana
Formato: Libro
Publicado: Buenos Aires : Eudeba, 2010
Materias:
Etiquetas: Agregar Etiqueta
Sin Etiquetas, Sea el primero en etiquetar este registro!
LEADER 01491nam a22002775a 4500
001 CEM.cems013288
005 20100315093013.0
008 130507s2010##################000#0#####d
003 CEMS
020 |a 9789875832008 
082 0 4 |a 302 
100 1 |a Baraldo, Luis 
245 1 0 |a Saber de sociales 7º /  |c Coordinador Autoral Luis Baraldo 
260 |a Buenos Aires :  |b Eudeba,  |c 2010 
300 |a 288 p. 
500 |a Para 1er. año de secundaria 
505 0 |a Geografía: La organización social, las actividades humanas y las transformaciones del espacio -- Una geografía en cambio -- Los rasgos físicos de la Tierra -- Los recursos naturales y el ambiente -- Un mundo de poblaciones y recursos económicos -- Historia: La domesticación de plantas y animales. El trabajo y la organización social territorial -- Un viaje a las primeras sociedades -- La Edad Antigua se inicia -- Modo de vida de las sociedades mediterráneas. Comienzo y organización del feudalismo -- Griegos y romanos: dos pueblos presentes en nuestra vida -- Las sociedades en la Edad Media -- La vida en sociedad y las normas que la regulan -- Las personas y las normas 
653 |a Ciencias sociales 
653 |a Ciencias sociales-7º egb 
653 |a Ciencias sociales-1º esb 
700 1 |a Lenci, Daniel 
700 1 |a Díaz, Marcela 
700 1 |a Risolía, María José 
700 1 |a Adán, Gloria Isabel 
700 1 |a Román, Viviana 
859 |a CEMS  |b BIB. CEMS - 11 de abril  |h 302  |i B231  |p 25775.10  |t Ej.1  |v 7º  |3 7º